000
00291nam a22001217a 4500
003
SGT
082
_a
612.2
_b
P05W
100
_a
WAED, DENHAM S.
245
_a
PHARMACOLOGY AND PATHOLOGY OF THE CONTROL OF BREATHING
260
_a
BOCA RATON
_b
TAYLOR
_c
2005
300
_a
849
942
_2
ddc
_c
BK
999
_c
14846
_d
14846